[Event "MNE-ch 76th"]
[Site "Podgorica"]
[Date "2024.02.06"]
[Round "1"]
[White "Podlesnik, Bogdan"]
[Black "Lekic, Pavle"]
[Result "1-0"]
[WhiteElo "2284"]
[BlackElo "1661"]
[PlyCount "57"]
[EventDate "2024.02.06"]
[EventType "swiss"]
[EventRounds "11"]
[EventCountry "MNE"]
[SourceTitle "CB08_2024"]
[SourceDate "2024.02.21"]
[SourceVersion "1"]
[SourceVersionDate "2024.02.21"]
[SourceQuality "1"]

1. e4 e5 2. Nf3 Nc6 3. Nc3 Nf6 4. Bb5 d6 5. d4 exd4 6. Qxd4 Bd7 7. Qd3 Nb4 8. Qe2 Be7 9. a3 Nc6 10. Bf4 0-0 11. 0-0-0 a6 12. Bxc6 Bxc6 13. e5 Nh5 14. Be3 f5 15. Nd4 f4 16. Nxc6 bxc6 17. Bd4 f3 18. Qc4+ d5 19. Qxc6 fxg2 20. Rhg1 Bg5+ 21. Kb1 Nf4 22. Be3 Rb8 23. Nxd5 Nxd5 24. Qe6+ Kh8 25. Rxd5 Bxe3 26. Rxd8 Rbxd8 27. Rxg2 Bxf2 28. Qe7 Rg8 29. Rxf2 1-0

[Event "MNT-ch 75th"]
[Site "Podgorica"]
[Date "2023.02.08"]
[Round "4"]
[White "Pekic, Momcilo"]
[Black "Lekic, Pavle"]
[Result "1-0"]
[WhiteElo "1698"]
[BlackElo "1708"]
[PlyCount "93"]
[EventDate "2023.02.05"]
[EventType "swiss"]
[EventRounds "9"]
[EventCountry "MNE"]
[SourceTitle "CBM 212 Extra"]
[Source "ChessBase"]
[SourceDate "2023.03.31"]
[SourceVersion "1"]
[SourceVersionDate "2023.03.31"]
[SourceQuality "1"]

1. e4 Nf6 2. e5 Nd5 3. c4 Nb6 4. d4 d6 5. exd6 cxd6 6. Nc3 Nc6 7. Nf3 g6 8. h3 Bg7 9. Be2 0-0 10. 0-0 Bf5 11. g4 Bc8 12. d5 Ne5 13. Nxe5 dxe5 14. c5 Nd7 15. Be3 e6 16. dxe6 fxe6 17. Ne4 Qh4 18. Kg2 Qe7 19. Qd6 Qxd6 20. Nxd6 Nf6 21. Bc4 Nd5 22. Rad1 Bd7 23. Bc1 Bc6 24. Kh2 b6 25. b4 bxc5 26. b5 Rad8 27. Ne4 Ba8 28. Nxc5 Rc8 29. Ba3 Rf4 30. Bb3 Rcf8 31. Nxe6 Rxf2+ 32. Rxf2 Rxf2+ 33. Kg3 Rf3+ 34. Kxf3 Nc3+ 35. Kg3 Nxd1 36. Bxd1 Bd5 37. Nxg7 Kxg7 38. Bb3 Be4 39. g5 Bd3 40. Bd6 e4 41. a4 e3 42. Kf3 e2 43. Kf2 h6 44. h4 hxg5 45. hxg5 Kh8 46. Bb4 Kg7 47. Ke3 1-0

[Event "MNT Team Cup"]
[Site "Herceg Novi"]
[Date "2022.05.23"]
[Round "5.2"]
[White "Lekic, Pavle"]
[Black "Savovic, Dragan"]
[Result "0-1"]
[WhiteElo "1667"]
[BlackElo "2108"]
[PlyCount "78"]
[EventDate "2022.05.20"]
[EventType "swiss"]
[EventRounds "5"]
[EventCountry "MNE"]
[SourceTitle "CBM 208 Extra"]
[Source "ChessBase"]
[SourceDate "2022.07.31"]
[SourceVersion "1"]
[SourceVersionDate "2022.07.31"]
[SourceQuality "1"]

1. e4 c5 2. d3 Nc6 3. Nf3 d6 4. g3 g6 5. Bg2 Bg7 6. 0-0 e6 7. Re1 Nge7 8. Nbd2 0-0 9. Nf1 Rb8 10. h4 h6 11. Ne3 b5 12. Nh2 a5 13. h5 g5 14. Rb1 a4 15. Bd2 Ra8 16. Bc3 Nd4 17. e5 d5 18. Bxd4 cxd4 19. Neg4 Qb6 20. Qd2 Nf5 21. f4 Qd8 22. Nf3 Nxg3 23. fxg5 hxg5 24. h6 Bh8 25. Nxg5 Nf5 26. h7+ Kg7 27. Nf6 Kg6 28. Kf2 Bxf6 29. exf6 Qxf6 30. Rh1 Kg7 31. h8Q+ Rxh8 32. Rxh8 Kxh8 33. Rh1+ Kg8 34. Qf4 e5 35. Qh2 Nh6+ 36. Ke1 Qxg5 37. Bxd5 Ra6 38. Rg1 Bg4 39. Qg3 Qc1+ 0-1

[Event "Mediterranean-ch 11th"]
[Site "Petrovac"]
[Date "2021.06.20"]
[Round "2"]
[White "Drakaki, Anna Maria"]
[Black "Lekic, Pavle"]
[Result "1-0"]
[WhiteElo "1997"]
[BlackElo "1713"]
[PlyCount "69"]
[EventDate "2021.06.19"]
[EventType "swiss"]
[EventRounds "9"]
[EventCountry "MNE"]
[SourceTitle "CBM 203 Extra"]
[Source "ChessBase"]
[SourceDate "2021.09.30"]
[SourceVersion "1"]
[SourceVersionDate "2021.09.30"]
[SourceQuality "1"]

1. d4 d5 2. c4 c6 3. cxd5 cxd5 4. Bf4 Bf5 5. Qb3 Qb6 6. Qxb6 axb6 7. Nc3 e6 8. Rc1 Nf6 9. a3 Nc6 10. Nb5 Rc8 11. e3 Nh5 12. Bc7 Be7 13. Bxb6 0-0 14. f3 Bg6 15. Ne2 e5 16. g3 exd4 17. Bh3 f5 18. exd4 Bd8 19. Bc5 Be7 20. Bxe7 Nxe7 21. Kd2 Rf6 22. g4 fxg4 23. fxg4 Nf4 24. g5 Rxc1 25. Rxc1 Nxe2 26. gxf6 Nxc1 27. fxe7 Nb3+ 28. Kc3 Nc1 29. Be6+ Kh8 30. Nd6 Ne2+ 31. Kd2 Nxd4 32. Nf7+ Bxf7 33. Bxf7 Nf3+ 34. Ke3 Ne5 35. e8Q# 1-0